| 000 | 01019nam a22003017a 4500 | ||
|---|---|---|---|
| 003 | SEM | ||
| 999 |
_c72142 _d72142 |
||
| 005 | 20220608074941.0 | ||
| 008 | 220126m1996 it ||||gr|||||001 0 eng|d | ||
| 020 | _a8876535950 (Vol. 1, Part 1,2) | ||
| 020 | _a8876535950 (Vol. 2, Part 3) | ||
| 040 |
_aSEM _cSEM |
||
| 041 | _aeng | ||
| 080 | _a809.245/J-80 | ||
| 100 | _aJouon Paul , S. J. | ||
| 245 |
_aA Grammar of Biblical Hebrew / _cP. Jouon |
||
| 246 |
_aSecond, _breprint edition |
||
| 260 |
_aRoma : _bEditrice Pontificio Istituto Biblico, _c1996- |
||
| 300 |
_aVol. ; _c24 cm |
||
| 490 |
_aSubsidia Biblica _v14/1,2 |
||
| 504 | _aVol. 2, Part 3 - Indexes p.: 689-779 | ||
| 505 |
_aVol. 1, Part 1, 2 - _tOrthography and phonetics; Morphology. _r/Trl.: T. Muraoka.- _g1996.- XXXXV+352 p. |
||
| 505 |
_aVol. 2, Part 3 - _tParadigms and indices. _r/Trl.: T. Muraoka.- _g1996.- 353-779 p. |
||
| 650 |
_aLinguistics _xHebrew |
||
| 653 | _aՍԷՄ | ||
| 700 |
_aMuraoka T. _etrl. |
||
| 830 |
_aSubsidia Biblica _s14/1,2 |
||
| 942 |
_2udc _cBK |
||